Riconosci il Pokémon - Quiz n°617 - Statistics

Statistiche generali
  • Questo quiz è stato fatto 1 volte
  • Il punteggio medio è 10 su 10
Statistiche sulle risposte
Indizio Riposta % Corretto
Altezza 0,8 m
100%
Peso 4,5 kg
100%
Sesso 50% ♂, 50% ♀
100%
Tasso di cattura 90 (20.1%)
100%
Tipo Acciaio / Spettro
100%
Pokémon Doublade
100%
Tasso di allevamento Medio-Veloce
100%
Abilità Nullodifesa
100%
Stadio evoluzione Prima evoluzione
100%
Generazione Sesta
100%
Nessun quiz corrispondente trovato
Distribuzione punteggi
Percentuale di utenti per punteggio
Percentile per numero di risposta
I tuoi punteggi nel tempo
Non hai fatto questo quiz